000 00431pab a2200169 454500
008 180718b2009 xxu||||| |||| 00| 0 eng d
100 _aParamasivan C.
245 _aPerformance of SHG in namakkal district, Tamil Nadu
260 _c2009
300 _ap.151-63.
362 _aApr-Jun and Jul-Sep
650 _aSelf help - India - Tamil nadu
650 _aSelf help
773 _aISDA Journal
908 _aN
909 _a84429
999 _c84429
_d84429